000
00222nam a22000977a 4500
003
SGT
245
_a
JOURNAL OF ADVANCED PHARMACEUTICAL TECHNOLOGY
260
_a
MUMBAI
_b
WOLTERS KLUWER
_c
2016
310
_a
1-4
942
_2
ddc
_c
BV
999
_c
24202
_d
24202